000 00888nam a22002777a 4500
003 DO-SdBNP
005 20171213081536.0
008 151119b 1985 sp xxu||||| |||| 00| 0 spa d
020 _a8401803241
040 _aBPMSU
_bspa
_cBPMSU
092 _axxxxxx
_bxxxxxx
100 1 _aBuscaglia, Leo F.
240 1 0 _aLove, Personhood.
_lEspañol
245 1 0 _aAmor :
_bser persona /
_cLeo F. Buscaglia ; traducciones de Montserrat Solanas, Lorenzo Cortina.
250 _a2a ed.
260 _aBarcelona :
_bPlaza & Janes,
_c1985.
300 _a264 p. ;
_c21 cm.
500 _aIncluye datos biográficos del autor en la solapa de la cubierta.
504 _aBibliografía : p. 259-264
700 1 2 _aSolanas, Montserrat,
_etr.
700 1 2 _aCortina, Lorenzo,
_etr.
910 _a00260
942 _2ddc
_cBK
945 _ainventariado extranjero / DG
956 _aLorenza Pérez
_b10
999 _c8801
_d8801